00564nam a2200181Ia 450000500170000000800410001702000150005808200130007310000130008624500770009926000450017630000200022165000140024165000110025594200060026695200950027299900150036720250130000518.0240331s9999 xx 000 0 und d a019563988x bSINa954 aSinger,W 0aCreating histories :boral narratives and the politics of history making aNew DelhibOxford University Pressc1997 axviii, 339 p ., aPolitical aSocial cL 001040708LaWERCLbWERCLcSSCd2024-03-31l0o 954 SINp2576r2024-03-31w2024-03-31yL c3506d3506